Ποιότητα ζωής : προβληματισμοί - κατευθύνσεις
Αποθηκεύτηκε σε:
| Κύριος συγγραφέας: | |
|---|---|
| Μορφή: | Βιβλίο |
| Γλώσσα: | Greek |
| Δημοσίευση: |
Αθήνα :
ΚΕΠΕ,
1984
|
| Σειρά: | Θέματα προγραμματισμού ;
; 6 |
| Θέματα: | |
| Ετικέτες: |
Προσθήκη ετικέτας
Δεν υπάρχουν, Καταχωρήστε ετικέτα πρώτοι!
|
MARC
| LEADER | 00000nam a2200000 i 4500 | ||
|---|---|---|---|
| 001 | 1/55365 | ||
| 008 | 950124s1984 gre d | ||
| 035 | |l 10027838 | ||
| 040 | |a GR-MY-UA |b gre |e aacr | ||
| 041 | 0 | |a gre | |
| 082 | 0 | |a 361.6109495 | |
| 100 | 1 | |a Βακαλιός, Θανάσης, |d 1929-2018. | |
| 245 | 1 | 0 | |a Ποιότητα ζωής : |b προβληματισμοί - κατευθύνσεις / |c Θανάσης Βακαλιός |
| 260 | |a Αθήνα : |b ΚΕΠΕ, |c 1984 | ||
| 300 | |a 93 σ. | ||
| 490 | 1 | |a Θέμετα προγραμματισμού |v ; 6 | |
| 504 | |a Περιέχει βιβλιογραφία | ||
| 650 | 0 | 0 | |a Quality of life. |
| 650 | 0 | 0 | |a Social policy. |
| 650 | 0 | 0 | |a Environmental policy. |
| 830 | 0 | |a Θέματα προγραμματισμού ; |v ; 6 | |
| 852 | |a INST |b CHIOS |e 19980707 |h 361.6109495 ΒΑΚ |p 005200004970 |q 005200004970 |t BK |y 0 | ||
| 852 | |a INST |b CHIOS |e 19990210 |h 361.6109495 ΒΑΚ |p 005200014893 |q 005200014893 |t BK |y 0 | ||
| 852 | |a INST |b LESVOS |e 19950124 |h 361.6109495 ΒΑΚ |p 005100003141 |q 005100003141 |t BK |y 0 | ||
| 909 | |a Χ |b 055330 | ||
| 909 | |a Λ |b 015093 | ||
| 909 | |a Χ |b 000190 | ||
| 922 | |a 2ΔΩΡ |b 199902 |d ΛΕΜΟΝΙΑ | ||